Catálogo Biblioteca Central

Un contre-pouvoir régional (Registro nro. 103391)

Detalles MARC
000 -CABECERA
campo de control de longitud fija 00717nam a2200253 i 4500
001 - NÚMERO DE CONTROL
campo de control 103391
003 - IDENTIFICADOR DEL NÚMERO DE CONTROL
campo de control ES-MaBCM
005 - FECHA Y HORA DE LA ÚLTIMA TRANSACCIÓN
campo de control 20241016135830.0
008 - CÓDIGOS DE INFORMACIÓN DE LONGITUD FIJA
campo de control de longitud fija 041209s1979 fra 000 0 fre d
020 ## - NÚMERO INTERNACIONAL NORMALIZADO PARA LIBROS(ISBN)
Número Internacional Normalizado para Libros (ISBN) 2-7089-7509-9
021 ## -
-- xx
035 ## - NÚMERO DE CONTROL DEL SISTEMA
Número de control de sistema (OCoLC)1365246119
040 ## - FUENTE DE LA CATALOGACIÓN
Centro transcriptor ES-MaBCM
041 0# - CÓDIGO DE LENGUA
Código de lengua del texto/banda sonora o título independiente fre
043 ## - CÓDIGO DE ÁREA GEOGRÁFICA
Código de área geográfica fra
100 1# - PUNTO DE ACCESO PRINCIPAL - NOMBRE DE PERSONA
Nombre de persona Collenot, René
9 (RLIN) 10308
245 10 - MENCIÓN DE TÍTULO
Título Un contre-pouvoir régional
Resto del título : le GETIS dans les Pays de l'Adour
Mención de responsabilidad etc. René Collenot
260 ## - PUBLICACIÓN, DISTRIBUCIÓN, ETC. (PIE DE IMPRENTA)
Lugar de publicación distribución etc. [Tolouse] :
Nombre del editor distribuidor etc. Agir Privat,
Fecha de publicación distribución etc. [1979]
300 ## - DESCRIPCIÓN FÍSICA
Extensión 264 p.
Dimensiones 21 cm
650 27 - PUNTO DE ACCESO ADICIONAL DE MATERIA--TÉRMINO DE MATERIA
Término de materia o nombre geográfico como elemento inicial Regionalismo
9 (RLIN) 60053
651 #4 - PUNTO DE ACCESO ADICIONAL DE MATERIA--NOMBRE GEOGRÁFICO
Nombre geográfico Francia
9 (RLIN) 115364
710 2# - PUNTO DE ACCESO ADICIONAL--NOMBRE DE ENTIDAD CORPORATIVA
Nombre de entidad o nombre de jurisdicción como elemento inicial Groupe d'Etude et d'Initiative au Service des Pays de l'Adour
9 (RLIN) 52111
942 ## - ELEMENTOS DE PUNTO DE ACCESO ADICIONAL (KOHA)
Tipo de ítem Koha Libros
Existencias
Estado de retiro Estado de pérdida Fuente del sistema de clasificación o colocación Estado dañado No para préstamo Localización permanente Ubicación/localización actual Ubicación en estantería Fecha de adquisición Fuente de adquisición Número de inventario Número de registro Signatura topográfica completa Código de barras Precio válido a partir de Tipo de ítem Koha
          Biblioteca Central del Ministerio de la Presidencia Biblioteca Central del Ministerio de la Presidencia Sala 09/12/2004 Compra 22238 22238 17052 1045440 09/12/2004 Libros